Los animales vertebrados

Gespeichert in:
Bibliographische Detailangaben
1. Verfasser: Herrero, Jesús
Format: keine Angabe
Sprache:Spanisch
Erschienen: Madrid Bruño 1976
Katalog:MANES:  Suchergebnis im Bibliothekskatalog
Schulbuchspezifische Eigenschaften:
Schriftenreihe:Láminas científicas; 2
Tags: Tag hinzufügen
Keine Tags, Fügen Sie den ersten Tag hinzu!
Hinzugefügt zu:26.04.2016

MARC

LEADER 000000000a22000000004500
001 05125
003 OSt
008 160427s sp ||||| |||| 00| 0 spa d
040 |c centro_manes 
041 1 |a spa 
691 7 |a PRI 
100 1 |a Herrero, Jesús  |9 1361 
245 0 0 |a Los animales vertebrados 
260 3 |a Madrid  |b Bruño  |c 1976 
300 |a 28 p.  |c 25x23 cm 
440 |a Láminas científicas; 2  |9 1363 
500 |a Fecha de publicación tomada del Depósito Legal 
690 7 |a CN 
942 |2 ddc  |c BK 
546 |a España 
999 |c 11099  |d 11099 
999 |c manes:11099  |d 11099